[Event "Locri op 1st"]
[Site "Locri"]
[Date "2007.11.03"]
[Round "5"]
[White "Romeo, Caterina"]
[Black "Zavaglia, Giuseppe"]
[Result "0-1"]
[WhiteElo "1503"]
[BlackElo "1904"]
[PlyCount "78"]
[EventDate "2007.11.01"]
[EventType "swiss"]
[EventRounds "7"]
[EventCountry "ITA"]
[SourceTitle "EXT 2010"]
[Source "ChessBase"]
[SourceDate "2010.11.25"]
[SourceVersion "1"]
[SourceVersionDate "2010.11.25"]
[SourceQuality "1"]

1. c4 b6 2. d3 e6 3. Nc3 Bb7 4. e4 Bb4 5. Bd2 Nh6 6. Bxh6 gxh6 7. Qh5 Qf6 8. Nge2 Na6 9. e5 Qg7 10. f3 0-0-0 11. 0-0-0 f5 12. exf6 Qxf6 13. Ne4 Qg6 14. Qh4 Rde8 15. Nf4 Qg7 16. d4 Be7 17. Qf2 Rhf8 18. Qe3 Bd8 19. Kb1 d5 20. Nf2 Bg5 21. Nxe6 Qg6+ 22. Qd3 Qxd3+ 23. Bxd3 Rxe6 24. Ng4 Nb4 25. Bxh7 dxc4 26. a3 Nd5 27. Ne5 c3 28. Rhe1 Bd2 29. Re2 Ba6 30. Rexd2 cxd2 31. Rxd2 c5 32. Be4 Ne3 33. Ng6 Rd8 34. Nf4 Red6 35. b4 cxb4 36. axb4 Rxd4 37. Rb2 Rd1+ 38. Ka2 Bc4+ 39. Rb3 R1d2+ 0-1